| 000 | 00739nam a2200241 a 4500 | ||
|---|---|---|---|
| 001 | BRCA_7821 | ||
| 005 | 20190320210018.0 | ||
| 008 | 171013s1966----gw-a######---#000-0#ger-# | ||
| 041 | _ager | ||
| 044 | _agw | ||
| 050 | 4 |
_aNC1509.Z5 _b.G76 1966 |
|
| 245 | 1 | 0 |
_aDas grosse Zille-Album _ceinleintung von Werner Schumann. |
| 260 |
_aHannover, Alemania _bFackeltrager-Verlag Schmidt-Kuster _c1966 |
||
| 300 |
_a1 v. (sin paginación) _bil. (algunas a color), láminas _c30 cm. |
||
| 500 | _aY15 | ||
| 600 | 1 | 4 |
_aZille, Heinrich _d1858-1929 _912389 |
| 650 | 1 | 4 |
_aDibujantes alemanes _910287 |
| 650 | 1 | 4 |
_aDibujos alemanes _913610 |
| 650 | 1 | 4 |
_aHumorismo alemán _96123 |
| 700 | 1 |
_aSchumann, Werner _919374 |
|
| 902 | _aGFM | ||
| 942 |
_2lcc _cB |
||
| 999 |
_c7495 _d7495 |
||